Problemática juvenil: sexo, amor, personalidad, vocación
Guardat en:
| Autor principal: | |
|---|---|
| Format: | Llibre |
| Idioma: | espanyol |
| Publicat: |
Santiago
Salesiano
1969
|
| Matèries: | |
| Etiquetes: |
Afegir etiqueta
Sense etiquetes, Sigues el primer a etiquetar aquest registre!
|
MARC
| LEADER | 00000nam a2200000 a 4500 | ||
|---|---|---|---|
| 001 | UCY3654 | ||
| 003 | CL-VaPUC | ||
| 008 | 950111e19690000CL |||||||||||||||||spa|d | ||
| 082 | 0 | 4 | |a 155.5 |b RYC |2 21 |
| 100 | 0 | |a Rychlowski P., Bruno |e author |9 332018 | |
| 245 | 1 | 0 | |a Problemática juvenil: sexo, amor, personalidad, vocación |
| 300 | |a 315 p | ||
| 942 | |c BK | ||
| 945 | |d 19950111 00:00:00 |a rbrito | ||
| 260 | |a Santiago |b Salesiano |c 1969 | ||
| 650 | 0 | |a Juventud |9 271073 | |
| 650 | 0 | |a Adolescencia |9 307361 | |
| 650 | 0 | |a Psicología del adolescente |9 307864 | |
| 583 | |a last modification |c 19950111 00:00:00 |k Rodrigo Vera | ||
| 999 | |c 231733 |d 231731 | ||
| 952 | |0 0 |1 0 |4 0 |6 155_500000000000000_RYC_1969 |7 0 |8 P |9 235350 |a BIBEDU |b BIBEDU |d 2019-11-15 |i 3035506 |o 155.5 RYC 1969 |p 3035506 |r 2024-01-25 |w 2019-11-15 |y BK |k EDU | ||